000 00731cam a2200193 i 4500
005 20251116094035.0
008 250721s2007 ua gr 000 0 ara d
020 _a9774271181
082 1 4 _a210
_bج ل ا
100 1 _aجلال، محمد نعمان.
_eمؤلف.
245 1 2 _aالإسلام و المسلمون :
_bالتحديات والاستجابات في القرن الحادي والعشرين /
_cدكتورمحمد نعمان جلال.
250 _aالطبعة الاولى.
264 3 1 _aالقاهره :
_bالدار المصرية اللبنانية،
_c2007.
300 _a231 صفحة.
650 1 7 _aالاسلام.
650 1 7 _aالمسلمون.
942 _2ddc
_cBK
999 _c106947
_d106947